| 000 -ლიდერი |
| ფიქსირებული სიგრძის საკონტროლო ველი |
01032nam a22002057a 4500 |
| 003 - საკონტროლო ნომრის იდენტიფიკატორი |
| საკონტროლო ველი |
Ge_BSU |
| 005 - ბოლო ოპერაციის თარიღი და დრო |
| საკონტროლო ველი |
20191017164406.0 |
| 008 - ფიქსირებული სიგრძის მონაცემთა ელემენტები - ზოგადი ინფორმაცია |
| ფიქსირებული სიგრძის საკონტროლო ველი |
191017s2019 ||||| |||| 00| 0 geo d |
| 020 ## - წიგნის საერთაშორისო სტანდარტული ნომერი |
| International Standard Book Number |
9789941965012 |
| 041 ## - ენის კოდი |
| Language code of text/sound track or separate title |
geo |
| 080 ## - უნივერსალური ათობითი კლასიფიკაციის ინდექსი |
| Universal Decimal Classification number |
27-36(479.22) ბ-95 |
| 100 ## - მთავარი ჩანაწერი - პიროვნების სახელი |
| Personal name |
ბუკია, მიქაელ (მახარე) |
| 9 (RLIN) |
4806 |
| 245 ## - ცნობა სათაურის შესახებ |
| Title |
წმიდა მღვდელმოწამე კირიონი გაზეთ ,, ივერიის" ფურცლებზე (1887-1905) / |
| Statement of responsibility, etc |
მიქაელ (მახარე) ბუკია ; რედ : სერგო ვარდოსანიძე . |
| 264 ## - წარმოების, გამოცემის, დისტრიბუციის და სხვა ცნობები |
| გამოცემის, წარმოების, დისტრიბუციის... ადგილი |
თბილისი : |
| გამოცემის, წარმოების, დისტრიბუციის... სახელწოდება |
ქართული უნივერსიტეტი, |
| გამოცემის, წარმოების, დისტრიბუციის... თარიღი |
2019. |
| 300 ## - ფიზიკური აღწერა |
| Extent |
232 გვ .: |
| Dimensions |
20 სმ. |
| 653 ## - INDEX TERM--UNCONTROLLED |
| Uncontrolled term |
ქრისტიანობა |
| 653 ## - INDEX TERM--UNCONTROLLED |
| Uncontrolled term |
წმიდა მამათა ცხოვრება |
| 700 ## - ADDED ENTRY--PERSONAL NAME |
| Personal name |
ვარდოსანიძე , სერგო |
| Relator term |
რედაქტორი |
| 9 (RLIN) |
4807 |
| 942 ## - ADDED ENTRY ELEMENTS (KOHA) |
| Source of classification or shelving scheme |
|
| Koha item type |
წიგნი |